| 000 | 00881nam0a2200289 4500 | ||
|---|---|---|---|
| 001 | RU\NLR\bibl\739529 | ||
| 005 | 20250614002525.0 | ||
| 010 |
_a5-05-006049-4 _955000 |
||
| 021 |
_aRU _b2004-76665 _93779 |
||
| 035 | _a(NLR Aleph) 000729426 | ||
| 090 |
_a753151 _c753151 |
||
| 100 | _a20050324d2004 |||y0rusy50 ca | ||
| 101 | 1 |
_arus _ceng |
|
| 102 | _aRU | ||
| 105 | _ay ||||||||| | ||
| 200 | 1 |
_aПолночное венчание _eроман _fСофи Уэстон _gпер. с англ. [Е. Жуковой] |
|
| 210 |
_aМосква _cРадуга _d2004 |
||
| 215 |
_a172, [1] с. _d16 |
||
| 225 | 1 |
_aЛюбовный роман _v1019 |
|
| 686 | _aШ6(4Вл)67-440.4{Лх1299-50} | ||
| 700 | 1 |
_aУэстон _bС. _gСофи _4070 |
|
| 801 | 0 |
_aRU _bNLR _c20050324 _gPSBO |
|
| 801 | 1 |
_aRU _bNLR _c20050324 |
|
| 942 | _cBOOK | ||
| 980 | _aNB | ||